Pays par question - Quiz 1 Drapeau - Statistiques

Statistiques générales
  • Ce quiz a été pris 128 fois
  • Le résultat moyen est 6 sur 8
Statistiques - réponses
Question Réponse % Correct
Vrai ou Faux? Le drapeau de la suède a une croix Vrai
96%
La quelle de ces couleurs n'ai dans presque aucun drapeau ? Rose
93%
Vrai ou Faux ? L'Italie a un drapeau avec 3 bandes horizontal Faux
85%
Quelle est la particularité du drapeau de la Suisse et du Vatican ? Ce sont les seul drapeau qui sont carré
82%
Tous ces drapeau sont presque identique sauf deux les trouveras-tu ? Andorre & Espagne
81%
Vrais ou Faux Tous les drapeau sont uniques ? Vrai
56%
Un Intrus se cache dans ces drapeau sera-tu le trouver ? France
55%
Vrai ou Faux ? Seul 2 pays européen on les couleur Rouge Blanc Vert Faux
49%
Aucun quiz correspondant
Distribution des résultats
% des personnes avec chaque résultat
Percentile par nombre de réponses
Votre historique - résultats
Vous n’avez pas pris ce quiz